15 Famous People from Bahamas - Statistics

General Stats
  • This quiz has been taken 16 times
  • The average score is 4 of 15
Answer Stats
Hint Answer % Correct
Basketball player and father of Golden State star Klay Mychal Thompson
71%
No.1 overall pick in the 2018 NBA Draft, NBA player for Phoenix Suns DeAndre Ayton
50%
Mixed marital artist, boxer and professional wrestler who died in 2016 Kimbo Slice
43%
Actor and diplomat; Ambassador of the Bahamas to Japan Sidney Poitier
43%
Basketball player who played for New Orelans, Sacramento and Indiana Buddy Hield
36%
Bahamian-Canadian actor and former NBA player of Boston and LA Lakers Rick Fox
36%
Track and field sprinter who the current Olympic and world champion in the 400 m Steven Gardiner
21%
World’s most famous black twin actresses and reality stars Tia Mowry / Tamera Mowry
21%
Actor best known for his 1970 film, Cotton Comes to Harlem Calvin Lockhart
14%
Female sprinter who specialised in the 100 and 200 metres Debbie Ferguson-McKenzie
14%
Actress and mother of Lenny Kravitz, known for role on the series The Jeffersons Roxie Roker
14%
Bahamian-born model and actress based in New York City Shakara Ledard
14%
Female sprinter who won the gold medal in the 400 meters at the 2004 Summer Olympics Tonique Williams-Darling
14%
Singer, songwriter and record producer who died in 2015 due to a drowning accident Johnny Kemp
7%
Tennis player who was ranked world No. 1 in doubles Mark Knowles
7%
No matching quizzes found
Score Distribution
Percent of People with Each Score
Percentile by Number Answered
Your Score History
You have not taken this quiz